| 000 | 00727nam a2200241Ia 4500 | ||
|---|---|---|---|
| 003 | OSt | ||
| 005 | 20220926014839.0 | ||
| 006 | a|||||r|||| 00| 0 | ||
| 007 | ta | ||
| 008 | 220923b |||||||| |||| 00| 0 eng d | ||
| 037 | _cGeneral Book | ||
| 040 |
_aRTL _cRTL _beng |
||
| 041 |
_2eng _aeng |
||
| 082 | _aY31-5.44Q73.N65, L7 | ||
| 100 |
_aAhmad Saghir _9321199 |
||
| 245 | 0 | _aClass and power in a Punjabi village | |
| 260 |
_aNew York _bMonthly Review Press _c1977 |
||
| 300 |
_a174p _ccm. |
||
| 500 | _aBibliography: P 151-4; Glossary: P 25-28; Appendix: P 132-150 | ||
| 650 | _aCommunity Development | ||
| 942 |
_hY31-5.44Q73.N65, L7 _cGB _2CC |
||
| 999 |
_c629998 _d629998 |
||